000 00499nam a2200193Ia 4500
003 OSt
005 20260127102325.0
008 210210b1933 xxu||||| |||| 00| 0 eng d
040 _cAL
041 _aKannada
082 _a858/15
100 _aKAMAT (N M)
_dಕಾಮತ್ (ಎನ್ ಎಂ)
_9252726
245 _aMaharashtra
_bಮಹಾರಾಷ್ಟ
260 _aMangaLUru
_b-
_c1933
650 _aMahArAShTra
_9252727
690 _aBiography
_9252728
906 _a020559
942 _2ddc
_cBK
999 _c144710
_d144710